000 00679nam a2200229 a 4500
001 13615
003 BD-JhCC
005 20240304081952.0
008 171128s2024 bg |||| ||a| 000 0 ben d
020 _a9789845028677
035 _a(BD-JhCC)13615
040 _aBD-JhCC
_dBD-JhCC
041 _abengali
082 _a891.443
_bBIS 2024
100 _a কুমার বিশ্বাস, অরুণ
245 _aমনে পাপ ছিল /
_cঅরুণ কুমার বিশ্বাস ।
260 _aঢাকা :
_bঅন্য প্রকাশ;
_c2024.
300 _a119 p. :
_c22 cm.
650 _aBengali Novel.
942 _2ddc
_cBK
999 _c13615
_d13615